000 00461nam a2200193Ia 4500
008 151121s9999||||xx |||||||||||||| ||und||
082 _a823-/MAR
082 _bHNW-42063
100 _aMartin David
245 4 _aThe King Between
260 _b"Cassell & Co। Ltd।, London।"
260 _c--
300 _a203
600 _aMartin David
630 _aThe King Between
700 _aMartin David
730 _aThe King Between
942 _cBOOK
999 _c1230810
_d1230807